KOHA-Header-6

Corporate Laws and Secretarial Practices (Record no. 2678)

000 -LEADER
fixed length control field 00358nam a2200145Ia 4500
003 - CONTROL NUMBER IDENTIFIER
control field OSt
005 - DATE AND TIME OF LATEST TRANSACTION
control field 20190914164809.0
008 - FIXED-LENGTH DATA ELEMENTS--GENERAL INFORMATION
fixed length control field 190902s9999||||xx |||||||||||||| ||und||
040 ## - CATALOGING SOURCE
Transcribing agency maju
100 ## - MAIN ENTRY--PERSONAL NAME
Personal name Nazir Ahmed Shaheen
245 #0 - TITLE STATEMENT
Title Corporate Laws and Secretarial Practices
260 ## - PUBLICATION, DISTRIBUTION, ETC. (IMPRINT)
Place of publication, distribution, etc Karachi
Name of publisher, distributor, etc Petiwala books
Date of publication, distribution, etc 2001
300 ## - PHYSICAL DESCRIPTION
Extent 798
942 ## - ADDED ENTRY ELEMENTS (KOHA)
Koha item type Books
Source of classification or shelving scheme
Holdings
Withdrawn status Lost status Damaged status Not for loan Collection code Permanent Location Current Location Shelving location Date acquired Barcode Date last seen Price effective from Koha item type
        Law MAJU MAJU Shelf No.A46 2019-09-02 6316 2019-09-02 2019-09-02 Law

Powered by Koha